Indocumentados en Estados Unidos /
En el artículo se empieza planteando la interrogante ¿Cuáles son vuestros antecedentes como activistas por los derechos de los inmigrantes latinos en Estados Unidos y cómo os radicalizasteis? Pregunta que a lo largo del artículo será contestada a través del relato de dos inmigrantes
Guardat en:
| Autor principal: | |
|---|---|
| Altres autors: | |
| Format: | Text |
| Matèries: | |
| Etiquetes: |
Afegir etiqueta
Sense etiquetes, Sigues el primer a etiquetar aquest registre!
|
MARC
| LEADER | 00000 a a2200000 04500 | ||
|---|---|---|---|
| 001 | 10111 | ||
| 003 | |||
| 040 | |||
| 100 | |a Díaz, Jesse | ||
| 245 | |a Indocumentados en Estados Unidos / |c Jesse Díaz ; Javier Rodríguez | ||
| 520 | |a En el artículo se empieza planteando la interrogante ¿Cuáles son vuestros antecedentes como activistas por los derechos de los inmigrantes latinos en Estados Unidos y cómo os radicalizasteis? Pregunta que a lo largo del artículo será contestada a través del relato de dos inmigrantes | ||
| 650 | |a MIGRANTES | ||
| 650 | |a DERECHOS HUMANOS | ||
| 650 | |a HISTORIAS DE VIDA | ||
| 650 | |a LEGISLACION | ||
| 700 | |a Rodríguez, Javier | ||
| 773 | |g número 47; páginas 91-103 | ||
| 999 | |c 28938 |d 28938 | ||
